000 00315nam a2200121Ia 4500
008 220217s9999 xx 000 0 und d
245 0 _aSpecification for rubber hoses for compressed air.
260 _c1980
500 _aStandard number: BS 5118
650 _aCompressed air
650 _aRubber hose
942 _cST
999 _c73101
_d73101